000 00806cab a2200265 4500
001 X2658
008 090401t1991 xxu||||| |||| 00| 0 eng d
035 _a(Sirsi) u25629
041 _aeng
100 _aPurdue, M.
245 _aGreen belts and the presumption in favour of granting planning permissions
260 _c1991
350 _a0
490 _aJournal of Environmental Law
_v391) 1991, 93-121(29)
650 _aCASE LAW
650 _aGREEN BELTS
650 _aGROSVENOR DEVELOPMENTS V SOS FOR THE ENVIRONMENT
650 _aPEHRSSON V SOS FOR THE ENVIRONMENT
650 _aPLANNING PERMISSION
650 _aPLANNING POLICY GUIDANCE NOTE 2 (GREEN BELTS)
650 _aSTEWART V SOS FOR THE ENVIRONMENT
690 _aPLANNING LAW AND PRACTICE
942 _n0
948 _c04/03/1997
999 _c17218
_d17218